| 000 | 02013nam a2200481Ii 4500 | ||
|---|---|---|---|
| 001 | DIGCSIC3133 | ||
| 003 | NyNyDIG | ||
| 006 | m o d | ||
| 007 | cr ||||||||||| | ||
| 008 | 121201s2008 sp ob f001 0 spa d | ||
| 020 |
_a9788400095062 _q(eBook) |
||
| 020 | _z9788400087302 | ||
| 020 | _z8400087305 | ||
| 035 | _a(OCoLC)843455794 | ||
| 040 |
_aDGITA _beng _epn _cDGITA |
||
| 043 |
_ae-po--- _ae-sp--- |
||
| 050 | 1 | 4 | _aZ173 eBook |
| 100 | 1 | _aBouza Alvarez, Fernando J. | |
| 245 | 1 | 0 |
_aPapeles y opinión : _bpolíticas de publicación en el Siglo de Oro / _cFernando Bouza. |
| 246 | 3 | 0 | _aPolíticas de publicación en el Siglo de Oro. |
| 264 | 1 |
_aMadrid : _bConsejo Superior de Investigaciones Científicas, _c2008. |
|
| 300 | _a1 online resource (230 pages) | ||
| 336 |
_atext _btxt _2rdacontent |
||
| 337 |
_acomputer _bc _2rdamedia |
||
| 338 |
_aonline resource _bcr _2rdacarrier |
||
| 490 | 1 |
_aMonografías ; _v33. |
|
| 504 | _aIncludes bibliographical references (p. 211-219) and index. | ||
| 650 | 0 |
_aPrinting _xGovernment policy _zIberian Peninsula _xHistory _y16th century. |
|
| 650 | 0 |
_aPolitics and literature _zIberian Peninsula _xHistory _y16th century. |
|
| 650 | 0 |
_aBook industries and trade _zSpain _xHistory _y16th century. |
|
| 650 | 0 |
_aPublishers and publishing _zSpain _xHistory _y16th century. |
|
| 650 | 0 |
_aPolitics and literature _zSpain _xHistory _y16th century. |
|
| 650 | 0 |
_aBook industries and trade _xCensorship _zSpain _y16th century. |
|
| 650 | 0 |
_aSpanish literature _yClassical period, 1500-1700 _xHistory and criticism. |
|
| 650 | 0 |
_aSpanish literature _xCensorship _y16th century. |
|
| 655 | 0 | _aElectronic books. | |
| 791 | 2 |
_aDigitalia (Firm), _edistributor. |
|
| 830 | 0 |
_aMonografías (Consejo Superior de Investigaciones Científicas (Spain)) ; _v33. |
|
| 793 | 0 |
_gDigitalia eBook Collection: _aEditorial CSIC. |
|
| 856 | 4 | 0 |
_3Digitalia Hispánica _uhttps://www.digitaliapublishing.com/a/18183/ |
| 910 | _aPremium Collection: 2007-2012 | ||
| 942 | _cRAA | ||
| 999 |
_c235682 _d235682 |
||